A TEXTBOOK OF ORGANIC CHEMISTRY (Record no. 9230)

MARC details
000 -LEADER
fixed length control field 00741nam a22001577a 4500
003 - CONTROL NUMBER IDENTIFIER
control field SGT
020 ## - INTERNATIONAL STANDARD BOOK NUMBER
International Standard Book Number 9788121926140
082 ## - DEWEY DECIMAL CLASSIFICATION NUMBER
Classification number 547, BAH
100 ## - MAIN ENTRY--PERSONAL NAME
Personal name BAHL ARUN
245 ## - TITLE STATEMENT
Title A TEXTBOOK OF ORGANIC CHEMISTRY
260 ## - PUBLICATION, DISTRIBUTION, ETC. (IMPRINT)
Place of publication, distribution, etc NEW DELHI
Name of publisher, distributor, etc S. CHAND
Year of Publication 2014
300 ## - PAGE DESCRIPTION
No. of Pages 1073
650 ## - SUBJECT ADDED ENTRY--TOPICAL TERM
Topical term or geographic name as entry element ORGANIC CHEMISTRY
653 ## - KEYWORDS--INDEX TERM
Keyword term Getting Started, Purification Of Organic Compounds, Composition Of Organic Compounds, Empirical And Molecular Formulae, Structure Of Organic Molecules, Organic Reaction And Their Mechanism, Isomerism, Nomenclature Of Organic Compounds, Spectroscop, Alkanes.........Vitamins, Steroids And Antibiotics, Predicting Trends, Road Map Problems, Multistep Synthesis, Multiple Choice Questions
942 ## - ADDED ENTRY ELEMENTS (KOHA)
Source of classification or shelving scheme Dewey Decimal Classification
Koha item type FPS Books
942 ## - ADDED ENTRY ELEMENTS (KOHA)
-- 1
Holdings
Withdrawn status Lost status Source of classification or shelving scheme Damaged status Not for loan Home library Current library Shelving location Date acquired Vendor Name Cost, normal purchase price SGTU Bill Number Total Checkouts Full call number Accession No. (Barcode) Date last seen Date last borrowed Bill Date Koha item type
    Dewey Decimal Classification     SGT Science & Social Sciences Library SGT Science & Social Sciences Library Text Book 25/06/2016 SPARSH BOOKS GALLERY 695.00 SGTU 1291 12 547, BAH PS526 28/02/2025 12/02/2025 25/11/2014 FPS Books
    Dewey Decimal Classification     SGT Science & Social Sciences Library SGT Science & Social Sciences Library Text Book 25/06/2016 SPARSH BOOKS GALLERY 695.00 SGTU 1291 12 547, BAH PS527 19/01/2021 23/12/2020 25/11/2014 FPS Books
    Dewey Decimal Classification     SGT Science & Social Sciences Library SGT Science & Social Sciences Library Text Book 25/06/2016 SPARSH BOOKS GALLERY 695.00 SGTU 1291 24 547, BAH PS528 09/05/2025 09/05/2025 25/11/2014 FPS Books